CELLS, TISSUES & ORGANS / (Record no. 174389)

MARC details
000 -LEADER
fixed length control field 01577nam a22003371ia4500
003 - CONTROL NUMBER IDENTIFIER
control field OSt
005 - DATE AND TIME OF LATEST TRANSACTION
control field 20190919162546.0
008 - FIXED-LENGTH DATA ELEMENTS--GENERAL INFORMATION
fixed length control field 190919t20192019pauao||gr|||| 001 0 eng d
020 ## - INTERNATIONAL STANDARD BOOK NUMBER
International Standard Book Number 9781422241936
Terms of availability RM 119.00
Qualifying information hardback
040 ## - CATALOGING SOURCE
Original cataloging agency PPAK
Language of cataloging eng
Transcribing agency PPAK
Description conventions rda
082 04 - DEWEY DECIMAL CLASSIFICATION NUMBER
Edition number 23
Classification number 611
090 00 - LOCALLY ASSIGNED LC-TYPE CALL NUMBER (OCLC); LOCAL CALL NUMBER (RLIN)
Classification number (OCLC) (R) ; Classification number, CALL (RLIN) (NR) 611
Feature heading SHO
Feature heading RK
100 1# - MAIN ENTRY--PERSONAL NAME
Personal name Shoals, James,
Relator term author.
245 00 - TITLE STATEMENT
Title CELLS, TISSUES & ORGANS /
Statement of responsibility, etc. JAMES SHOALS
264 #1 - PRODUCTION, PUBLICATION, DISTRIBUTION, MANUFACTURE, AND COPYRIGHT NOTICE
Place of production, publication, distribution, manufacture Broomall, Pennsylvania :
Name of producer, publisher, distributor, manufacturer MASON CREST ,
Date of production, publication, distribution, manufacture, or copyright notice 2019
Date of production, publication, distribution, manufacture, or copyright notice ©2019
300 ## - PHYSICAL DESCRIPTION
Extent 80 pages :
Other physical details colour illustrations, photographs ;
Dimensions 24 cm.
336 ## - CONTENT TYPE
Source rdacontent
Content type term text
337 ## - MEDIA TYPE
Source rdamedia
Media type term unmediated
338 ## - CARRIER TYPE
Source rdacarrier
Carrier type term volume
490 1# - SERIES STATEMENT
Series statement The science of the human body
504 ## - BIBLIOGRAPHY, ETC. NOTE
Bibliography, etc. note Includes bibliographical references and index. <br/>
520 ## - SUMMARY, ETC.
Summary, etc. "Nobody likes to get sick! And yet, diseases are a constant source of fascination for us all. Whether it's the cold bug that kept you home from school or the genetic disease called hemophilia that sparked the Russian Revolution, human illnesses are an amazing and complex area of study. Diseases will introduce you to many ways in which the human body can malfunction, and also teach you about what doctors can do to fix it."
Assigning source Provided by publisher.
650 10 - SUBJECT ADDED ENTRY--TOPICAL TERM
Topical term or geographic name entry element Cells
Form subdivision Juvenile literature.
Topical term or geographic name entry element Organs (Anatomy)
Form subdivision Juvenile literature.
Topical term or geographic name entry element Tissues
Form subdivision Juvenile literature.
Topical term or geographic name entry element Human beings
Form subdivision Juvenile literature.
General subdivision Cytology
800 1# - SERIES ADDED ENTRY--PERSONAL NAME
Personal name Shoals, James.
Title of a work Science of the human body.
830 #0 - SERIES ADDED ENTRY--UNIFORM TITLE
Uniform title The science of the human body
942 ## - ADDED ENTRY ELEMENTS (KOHA)
Source of classification or shelving scheme Dewey Decimal Classification
Koha item type Book
Holdings
Withdrawn Not for loan Current library Shelving location Date acquired Full call number Barcode Date last seen Koha item type
  Not For Loan Perpustakaan Alor Setar Rujukan Kanak-kanak 13/10/2019 RK 611 SHO A01616299 13/10/2019 Book